[Event "SVK-chT2B 1314"]
[Site "Slovakia"]
[Date "2014.03.15"]
[Round "10.5"]
[White "Podhorsky, Martin"]
[Black "Regec, Stanislav"]
[Result "0-1"]
[WhiteElo "1951"]
[BlackElo "2070"]
[PlyCount "81"]
[EventDate "2013.10.19"]
[EventType "team-tourn"]
[EventRounds "11"]
[EventCountry "SVK"]
[SourceTitle "EXT 2015"]
[Source "ChessBase"]
[SourceDate "2014.11.20"]
[SourceVersion "1"]
[SourceVersionDate "2014.11.20"]
[SourceQuality "1"]
[WhiteTeam "Topolcianky"]
[BlackTeam "Batorove Kosihy"]
[WhiteTeamCountry "SVK"]
[BlackTeamCountry "SVK"]

1. e4 c5 2. Nf3 d6 3. Bb5+ Nd7 4. 0-0 Ngf6 5. Re1 a6 6. Bxd7+ Bxd7 7. d4 cxd4 8. Nxd4 e6 9. c3 Be7 10. Bg5 0-0 11. Nd2 Bc6 12. f3 Qb6 13. Qb3 Qc7 14. Rad1 Rfe8 15. Be3 Nd7 16. c4 Rac8 17. Nxc6 Qxc6 18. Rc1 Ne5 19. Rc2 Qd7 20. Rec1 Rc6 21. h3 Qc7 22. f4 Nd7 23. Qd3 Rc8 24. b3 b5 25. Nf3 Nc5 26. Bxc5 Rxc5 27. Ne1 Qb8 28. cxb5 axb5 29. Rxc5 dxc5 30. Qf3 c4 31. bxc4 bxc4 32. e5 Qb2 33. Rc2 Qb1 34. Qe4 c3 35. Kh2 Ba3 36. Nf3 g6 37. Qa4 Qd1 38. Ng5 Bc1 39. Qa7 Bxf4+ 40. g3 Qxc2+ 41. Kg1 0-1

[Event "SVK-chT2B 1213"]
[Site "Slovakia"]
[Date "2013.03.16"]
[Round "10.5"]
[White "Zakovic, Jozef"]
[Black "Podhorsky, Martin"]
[Result "1/2-1/2"]
[WhiteElo "1818"]
[BlackElo "1942"]
[PlyCount "76"]
[EventDate "2012.10.13"]
[EventType "team-tourn"]
[EventRounds "11"]
[EventCountry "SVK"]
[SourceTitle "EXT 2015"]
[Source "ChessBase"]
[SourceDate "2014.11.20"]
[SourceVersion "1"]
[SourceVersionDate "2014.11.20"]
[SourceQuality "1"]
[WhiteTeam "Bojnice"]
[BlackTeam "Topolcianky"]
[WhiteTeamCountry "SVK"]
[BlackTeamCountry "SVK"]

1. e4 c6 2. d4 d5 3. exd5 cxd5 4. Bd3 Nf6 5. c3 Bg4 6. Nf3 Nc6 7. h3 Bh5 8. Nbd2 e6 9. 0-0 Bd6 10. Re1 0-0 11. Nf1 Qc7 12. Be3 a6 13. g4 Bg6 14. Kg2 Na5 15. Bg5 Ne4 16. Bh4 Nc4 17. Re2 Rac8 18. Bg3 b5 19. Bxd6 Qxd6 20. Bxc4 bxc4 21. Ne5 f5 22. f3 Nf6 23. Nxg6 hxg6 24. Qe1 Rfe8 25. Qg3 f4 26. Qh4 Kf7 27. Rae1 Rb8 28. g5 Nh5 29. Nh2 Ng3 30. Rd2 Rh8 31. Qg4 Nf5 32. Kg1 Ne3 33. Rxe3 fxe3 34. Re2 Rhe8 35. f4 e5 36. fxe5 Qe6 37. Qf3+ Kg8 38. Qxe3 Rf8 1/2-1/2

[Event "SVK-chT2B 1213"]
[Site "Slovakia"]
[Date "2013.02.02"]
[Round "7.6"]
[White "Jablonicky, Martin"]
[Black "Podhorsky, Martin"]
[Result "1-0"]
[WhiteElo "1827"]
[BlackElo "1942"]
[PlyCount "155"]
[EventDate "2012.10.13"]
[EventType "team-tourn"]
[EventRounds "11"]
[EventCountry "SVK"]
[SourceTitle "EXT 2015"]
[Source "ChessBase"]
[SourceDate "2014.11.20"]
[SourceVersion "1"]
[SourceVersionDate "2014.11.20"]
[SourceQuality "1"]
[WhiteTeam "Myjava Spartak"]
[BlackTeam "Topolcianky"]
[WhiteTeamCountry "SVK"]
[BlackTeamCountry "SVK"]

1. e4 c6 2. d4 d5 3. Nc3 dxe4 4. Nxe4 Bf5 5. Ng3 Bg6 6. h4 h6 7. h5 Bh7 8. Nf3 Nd7 9. Bd3 Bxd3 10. Qxd3 Ngf6 11. Bf4 e6 12. a3 Be7 13. 0-0-0 Nd5 14. Bd2 Qc7 15. c4 N5f6 16. Bc3 0-0-0 17. Qe2 Rhe8 18. Ne5 Nxe5 19. dxe5 Nd7 20. f4 f5 21. Qc2 Qb6 22. Ne2 Nc5 23. b4 Ne4 24. c5 Qc7 25. Nd4 Bf8 26. Bb2 Rd5 27. g4 Bxc5 28. gxf5 Bxd4 29. Qxe4 Bxb2+ 30. Kxb2 exf5 31. Qxf5+ Qd7 32. Qxd7+ Rxd7 33. Rxd7 Kxd7 34. Rg1 Re7 35. Rg6 Ke8 36. Kc3 Rf7 37. Kd3 Kf8 38. Ke4 Rd7 39. Rd6 Re7 40. e6 Ke8 41. Kf5 Rc7 42. Kg6 b6 43. Rd7 Rxd7 44. exd7+ Kxd7 45. Kxg7 c5 46. f5 c4 47. f6 c3 48. f7 c2 49. f8Q c1Q 50. Qf5+ Kc7 51. Qe5+ Kd7 52. Qd4+ Kc7 53. Kh7 Qxa3 54. Kxh6 Qc1+ 55. Kg6 Qc6+ 56. Qf6 Qe4+ 57. Kg7 Qg4+ 58. Qg6 Qd4+ 59. Kg8 Qd8+ 60. Kh7 a5 61. Qg7+ Kc6 62. bxa5 bxa5 63. h6 a4 64. Qg2+ Kb5 65. Qe2+ Kb4 66. Qg4+ Kb3 67. Qg8+ Qxg8+ 68. Kxg8 a3 69. h7 Kb2 70. h8Q+ Kb1 71. Qh1+ Kb2 72. Qg2+ Kb1 73. Qf1+ Kb2 74. Qe2+ Kb1 75. Qd3+ Kb2 76. Qd4+ Kb1 77. Qb4+ Ka2 78. Qc3 1-0

[Event "SVK-chT2B 1213"]
[Site "Slovakia"]
[Date "2012.12.15"]
[Round "5.6"]
[White "Podhorsky, Martin"]
[Black "Beres, Dominik"]
[Result "0-1"]
[WhiteElo "1942"]
[BlackElo "2099"]
[PlyCount "84"]
[EventDate "2012.10.13"]
[EventType "team-tourn"]
[EventRounds "11"]
[EventCountry "SVK"]
[SourceTitle "EXT 2015"]
[Source "ChessBase"]
[SourceDate "2014.11.20"]
[SourceVersion "1"]
[SourceVersionDate "2014.11.20"]
[SourceQuality "1"]
[WhiteTeam "Topolcianky"]
[BlackTeam "Tlmace"]
[WhiteTeamCountry "SVK"]
[BlackTeamCountry "SVK"]

1. e4 d6 2. d4 Nf6 3. Nd2 g6 4. g3 Bg7 5. Bg2 c6 6. Ngf3 0-0 7. 0-0 Qc7 8. c3 e5 9. dxe5 dxe5 10. Qc2 Nbd7 11. Nb3 a5 12. a4 Re8 13. Re1 Nf8 14. h3 Nh5 15. g4 Nf6 16. Be3 b6 17. Nbd2 h5 18. g5 N6d7 19. b4 Ne6 20. Qb3 axb4 21. Qxb4 Ndc5 22. Reb1 Bf8 23. Bxc5 Bxc5 24. Qb2 Ba6 25. Nb3 Be7 26. Rd1 Bc4 27. Kh2 Nf8 28. Bf1 Be6 29. Nbd2 Nd7 30. Bc4 Nc5 31. Bxe6 Nxe6 32. h4 Nf4 33. Rg1 Nd3 34. Qb3 Nxf2 35. Raf1 Bc5 36. Rg3 Rad8 37. Kg2 Ng4 38. Kh1 Rd3 39. Qc2 Red8 40. Qc1 Be3 41. Rg2 Qd7 42. Rd1 Nf2+ 0-1

[Event "SVK-chT2B 1112"]
[Site "Slovakia"]
[Date "2012.02.26"]
[Round "11.4"]
[White "Vanya, Attila"]
[Black "Podhorsky, Martin"]
[Result "1/2-1/2"]
[WhiteElo "1365"]
[BlackElo "1945"]
[PlyCount "81"]
[EventDate "2011.10.08"]
[EventType "team-tourn"]
[EventRounds "11"]
[EventCountry "SVK"]
[SourceTitle "EXT 2013"]
[Source "ChessBase"]
[SourceDate "2012.11.22"]
[SourceVersion "1"]
[SourceVersionDate "2012.11.22"]
[SourceQuality "1"]
[WhiteTeam "Nove Zamky Basta"]
[BlackTeam "Topolcianky SK"]
[WhiteTeamCountry "SVK"]
[BlackTeamCountry "SVK"]

1. e4 c6 2. d4 d5 3. Nc3 dxe4 4. Nxe4 Bf5 5. Ng3 Bg6 6. Nf3 Nd7 7. Bd3 Bxd3 8. Qxd3 e6 9. Bf4 Ngf6 10. Ne4 Nxe4 11. Qxe4 Be7 12. 0-0 0-0 13. c4 Qa5 14. a3 Nf6 15. Qd3 Rfd8 16. Rfe1 Bd6 17. Bg5 Be7 18. Bf4 h6 19. b4 Qb6 20. c5 Qb5 21. Qxb5 cxb5 22. Ne5 Rxd4 23. Bg3 Rc8 24. Rad1 Rxd1 25. Rxd1 Nd5 26. f4 g6 27. Kf2 h5 28. Kf3 Kf8 29. Bf2 Ke8 30. g3 a6 31. h4 Bf6 32. Bd4 Rc7 33. Rc1 Kf8 34. Ke4 Ke8 35. Rc2 Kf8 36. Kd3 Kg7 37. Ke4 Ne7 38. Rd2 Nf5 39. Bf2 Ne7 40. Bd4 Nd5 41. Rc2 1/2-1/2

[Event "SVK-chT2B 1112"]
[Site "Slovakia"]
[Date "2011.10.08"]
[Round "1.2"]
[White "Podhorsky, Martin"]
[Black "Kormos, Ladislav"]
[Result "1/2-1/2"]
[WhiteElo "1945"]
[BlackElo "1750"]
[PlyCount "62"]
[EventDate "2011.10.08"]
[EventType "team-tourn"]
[EventRounds "11"]
[EventCountry "SVK"]
[SourceTitle "EXT 2013"]
[Source "ChessBase"]
[SourceDate "2012.11.22"]
[SourceVersion "1"]
[SourceVersionDate "2012.11.22"]
[SourceQuality "1"]
[WhiteTeam "Topolcianky SK"]
[BlackTeam "Kamenny Most"]
[WhiteTeamCountry "SVK"]
[BlackTeamCountry "SLO"]

1. e4 d5 2. exd5 Qxd5 3. Nc3 Qa5 4. Bc4 e6 5. Nf3 Nf6 6. 0-0 c6 7. Re1 Nbd7 8. d4 Nb6 9. Bb3 Nbd5 10. Bd2 Qc7 11. Ne5 Be7 12. Qf3 0-0 13. Nxd5 Nxd5 14. Qg3 Bf6 15. Bxd5 cxd5 16. c3 b6 17. Bf4 Qe7 18. Ng4 Bh4 19. Qf3 f6 20. Bg3 Bxg3 21. Qxg3 Kh8 22. f4 Qd7 23. Nf2 Qd6 24. Re3 Bd7 25. Rae1 Rf7 26. Nd3 Rd8 27. Qh4 Bb5 28. Qg4 Bxd3 29. Rxd3 Re7 30. Rde3 Rde8 31. Qg3 Qd7 1/2-1/2

[Event "SVK-chT2B 10/11"]
[Site "Slovakia"]
[Date "2011.03.27"]
[Round "11.6"]
[White "Podhorsky, Martin"]
[Black "Michalek, Michal"]
[Result "1/2-1/2"]
[WhiteElo "2017"]
[BlackElo "2150"]
[PlyCount "64"]
[EventDate "2010.10.23"]
[EventType "team-tourn"]
[EventRounds "11"]
[EventCountry "SVK"]
[SourceTitle "EXT 2019"]
[Source "ChessBase"]
[SourceDate "2018.10.10"]
[SourceVersion "1"]
[SourceVersionDate "2018.10.10"]
[SourceQuality "1"]
[WhiteTeam "Topolcianky SK"]
[BlackTeam "Povazska Bystrica SK Sparta"]
[WhiteTeamCountry "SVK"]
[BlackTeamCountry "SVK"]

1. e4 c6 2. d4 d5 3. f3 dxe4 4. fxe4 e5 5. Nf3 Bg4 6. Bc4 Nf6 7. Bxf7+ Kxf7 8. Nxe5+ Kg8 9. Nxg4 Nxe4 10. 0-0 Nd7 11. c3 Nb6 12. Qf3 Qd5 13. Ne5 Nf6 14. Qg3 Nbd7 15. Nd2 Nxe5 16. dxe5 Bc5+ 17. Kh1 Nd7 18. Nf3 Rf8 19. Bh6 Rf7 20. Ng5 Rxf1+ 21. Rxf1 Qxe5 22. Qxe5 Nxe5 23. Ne6 gxh6 24. Nxc5 Kg7 25. Re1 Ng6 26. g3 b6 27. Ne6+ Kf6 28. Nd4 c5 29. Nf3 Rd8 30. Re2 Rd1+ 31. Kg2 Rd8 32. a3 Rd1 1/2-1/2

[Event "SVK-chT2B 0910"]
[Site "Slovakia"]
[Date "2010.02.28"]
[Round "11"]
[White "Podhorsky, Martin"]
[Black "Reisel, Frantisek"]
[Result "1/2-1/2"]
[WhiteElo "2011"]
[BlackElo "2095"]
[PlyCount "92"]
[EventDate "2009.10.10"]
[EventType "team"]
[EventRounds "11"]
[EventCountry "SVK"]
[SourceTitle "EXT 2011"]
[Source "ChessBase"]
[SourceDate "2010.11.26"]
[SourceVersion "1"]
[SourceVersionDate "2010.11.26"]
[SourceQuality "1"]
[WhiteTeam "Topolcianky"]
[BlackTeam "Prievidza II"]
[WhiteTeamCountry "SVK"]
[BlackTeamCountry "SVK"]

1. e4 d6 2. Nf3 Nf6 3. Nc3 g6 4. d4 Bg7 5. h3 0-0 6. Be2 Nbd7 7. 0-0 e5 8. dxe5 dxe5 9. Be3 c6 10. Qd2 Qc7 11. Rfd1 Re8 12. a3 Bf8 13. Bc4 Nb6 14. Bb3 Be6 15. Ng5 Bxb3 16. cxb3 Rad8 17. Qe2 Rxd1+ 18. Rxd1 Rd8 19. Kh2 Rd7 20. Rd2 Rxd2 21. Qxd2 Qd7 22. Nf3 Qxd2 23. Nxd2 Nfd7 24. b4 f6 25. f3 Kf7 26. Kg1 Ke6 27. Kf1 Bd6 28. Ke2 Be7 29. b3 Bf8 30. g3 Be7 31. h4 f5 32. Bf2 f4 33. g4 h6 34. Nc4 Nxc4 35. bxc4 a6 36. Kd3 b5 37. cxb5 cxb5 38. Nd5 Bd8 39. Kc3 Nf6 40. Nxf6 Bxf6 41. Kb3 Be7 42. a4 Bd8 43. axb5 axb5 44. h5 gxh5 45. gxh5 Ke7 46. Kc3 Kf7 1/2-1/2

[Event "SVK-chT2B 0708"]
[Site "Slovakia"]
[Date "2008.03.08"]
[Round "10.6"]
[White "Dvoranova, Maria"]
[Black "Podhorsky, Martin"]
[Result "0-1"]
[WhiteElo "1879"]
[BlackElo "2005"]
[PlyCount "116"]
[EventDate "2007.10.06"]
[EventType "team-tourn"]
[EventRounds "11"]
[EventCountry "SVK"]
[SourceTitle "EXT 2010"]
[Source "ChessBase"]
[SourceDate "2010.11.25"]
[SourceVersion "1"]
[SourceVersionDate "2010.11.25"]
[SourceQuality "1"]
[WhiteTeam "Surany Lokomotiva"]
[BlackTeam "Topolcianky SK"]
[WhiteTeamCountry "SVK"]
[BlackTeamCountry "SVK"]

1. d4 d5 2. c4 c6 3. e3 Nf6 4. Nc3 e6 5. Nf3 Bd6 6. Bd3 Nbd7 7. 0-0 0-0 8. h3 Qc7 9. Bd2 dxc4 10. Bxc4 e5 11. Qc2 h6 12. Rac1 exd4 13. exd4 Nb6 14. Bd3 a6 15. Rfe1 Nbd5 16. Ne4 Bf4 17. Nxf6+ Nxf6 18. Bf5 Bxd2 19. Nxd2 Qd6 20. Bxc8 Raxc8 21. Qc5 Rcd8 22. Nb3 Qc7 23. Re7 Rd7 24. Rce1 Rfd8 25. a3 b6 26. Qb4 a5 27. Rxd7 Rxd7 28. Qc3 Rd6 29. Qe3 Qd7 30. Qe5 Rd5 31. Qe3 Rd6 32. Qe5 Kh7 33. Rd1 Kh8 34. Re1 Kh7 35. Qe7 Kg8 36. Qe3 a4 37. Nc1 Rxd4 38. Ne2 Rd1 39. Nc3 Rxe1+ 40. Qxe1 b5 41. Qe5 Nd5 42. Kf1 Nxc3 43. Qxc3 Qd1+ 44. Qe1 Qxe1+ 45. Kxe1 Kf8 46. Kd2 Ke7 47. Kc3 c5 48. b3 axb3 49. Kxb3 Kd6 50. a4 bxa4+ 51. Kxa4 Kd5 52. Kb3 Kd4 53. Kc2 f5 54. Kd2 g5 55. Kc2 h5 56. Kd2 g4 57. h4 f4 58. Kc2 g3 0-1

[Event "SVK-chT2B 0708"]
[Site "Slovakia"]
[Date "2008.02.03"]
[Round "9.2"]
[White "Szaraz, Vojtech"]
[Black "Podhorsky, Martin"]
[Result "0-1"]
[WhiteElo "2083"]
[BlackElo "2005"]
[PlyCount "124"]
[EventDate "2007.10.06"]
[EventType "team-tourn"]
[EventRounds "11"]
[EventCountry "SVK"]
[SourceTitle "EXT 2010"]
[Source "ChessBase"]
[SourceDate "2010.11.25"]
[SourceVersion "1"]
[SourceVersionDate "2010.11.25"]
[SourceQuality "1"]
[WhiteTeam "Batorove Kosihy"]
[BlackTeam "Topolcianky SK"]
[WhiteTeamCountry "SVK"]
[BlackTeamCountry "SVK"]

1. e4 c6 2. d3 d5 3. Nd2 dxe4 4. dxe4 Nf6 5. Ngf3 Bg4 6. Be2 e6 7. 0-0 Be7 8. c4 Qc7 9. b3 0-0 10. e5 Nfd7 11. Bb2 c5 12. Re1 Nc6 13. Qc2 Rad8 14. a3 Bxf3 15. Nxf3 Ndxe5 16. Nxe5 Nxe5 17. Qe4 Bf6 18. Rab1 b6 19. Bd1 Nd7 20. Bc2 g6 21. Bxf6 Nxf6 22. Qh4 Rd2 23. Qxf6 Rxc2 24. Rbd1 Re8 25. Rd3 Qe7 26. Qa1 Rd8 27. Red1 Rxd3 28. Rxd3 Qf6 29. Qe1 Qb2 30. h4 Rc1 31. Rd1 Rxd1 32. Qxd1 Qxa3 33. h5 Kg7 34. g4 Qb2 35. g5 Qd4 36. h6+ Kf8 37. Qf3 Qd8 38. Qf4 a6 39. Qe5 Qd1+ 40. Kh2 Qd4 41. Qb8+ Ke7 42. Qc7+ Qd7 43. Qg3 Qd6 44. f4 b5 45. cxb5 axb5 46. Qf3 Qd5 47. Qc3 Qd4 48. Qf3 Kd6 49. Kh3 c4 50. bxc4 bxc4 51. Qa8 Qe3+ 52. Kg4 c3 53. Qf8+ Kd5 54. Qxf7 Qe2+ 55. Kg3 c2 56. Qb7+ Kd4 57. Qb2+ Kd3 58. Qb5+ Kd2 59. Qb4+ Kd1 60. Qd4+ Qd2 61. Qa4 Ke2 62. Qc6 Qe3+ 0-1

[Event "SVK-chT2B 0708"]
[Site "Slovakia"]
[Date "2008.02.02"]
[Round "8.1"]
[White "Illes, Ivan"]
[Black "Podhorsky, Martin"]
[Result "1-0"]
[WhiteElo "2056"]
[BlackElo "2005"]
[PlyCount "102"]
[EventDate "2007.10.06"]
[EventType "team-tourn"]
[EventRounds "11"]
[EventCountry "SVK"]
[SourceTitle "EXT 2010"]
[Source "ChessBase"]
[SourceDate "2010.11.25"]
[SourceVersion "1"]
[SourceVersionDate "2010.11.25"]
[SourceQuality "1"]
[WhiteTeam "Komarno KSC II"]
[BlackTeam "Topolcianky SK"]
[WhiteTeamCountry "SVK"]
[BlackTeamCountry "SVK"]

1. e4 c6 2. d4 d5 3. e5 Bf5 4. g4 Bg6 5. h4 h5 6. g5 e6 7. Bd3 Bxd3 8. Qxd3 g6 9. Ne2 Qb6 10. Nbc3 Nd7 11. Bd2 c5 12. f4 Ne7 13. dxc5 Nxc5 14. Qb5+ Nc6 15. Qxb6 axb6 16. Rh3 Kd7 17. Be3 Be7 18. a3 Rhc8 19. Rd1 Ke8 20. Nb5 Na7 21. Nxa7 Rxa7 22. Nc3 Na4 23. Nxa4 Rxa4 24. c3 Bc5 25. Bc1 Re4+ 26. Kf1 b5 27. Re1 Ra4 28. Rd3 Bb6 29. Kg2 Rac4 30. Bd2 Ke7 31. Kf3 R4c6 32. Be3 Bxe3 33. Kxe3 Rc4 34. Kf3 Kd7 35. Rc1 Ra8 36. b3 Rc6 37. Ra1 Rca6 38. c4 Rxa3 39. Rxa3 Rxa3 40. cxd5 exd5 41. Rxd5+ Kc6 42. Rd3 Ra1 43. Rd6+ Kc7 44. Rf6 Rb1 45. Rxf7+ Kc8 46. f5 Rxb3+ 47. Ke2 Rb2+ 48. Kd3 Kd8 49. fxg6 Ke8 50. e6 Rb3+ 51. Kc2 Re3 1-0

[Event "SVK-chT2B 0708"]
[Site "Slovakia"]
[Date "2007.11.03"]
[Round "3.6"]
[White "Podhorsky, Martin"]
[Black "Mrazik, Vladislav"]
[Result "1/2-1/2"]
[WhiteElo "2005"]
[BlackElo "1915"]
[PlyCount "106"]
[EventDate "2007.10.06"]
[EventType "team-tourn"]
[EventRounds "11"]
[EventCountry "SVK"]
[SourceTitle "EXT 2010"]
[Source "ChessBase"]
[SourceDate "2010.11.25"]
[SourceVersion "1"]
[SourceVersionDate "2010.11.25"]
[SourceQuality "1"]
[WhiteTeam "Topolcianky SK"]
[BlackTeam "Trencin SK II"]
[WhiteTeamCountry "SVK"]
[BlackTeamCountry "SVK"]

1. e4 e6 2. d4 d5 3. Nd2 c5 4. exd5 Qxd5 5. dxc5 Bxc5 6. Ngf3 Nf6 7. Be2 0-0 8. 0-0 Rd8 9. Nb3 Qxd1 10. Rxd1 Rxd1+ 11. Bxd1 Bb6 12. Bf4 Nc6 13. Ne5 Nxe5 14. Bxe5 Ne4 15. Bd4 Bxd4 16. Nxd4 e5 17. Nb3 Bf5 18. Bf3 Rc8 19. c3 Rd8 20. g4 Ng5 21. Bxb7 Bxg4 22. Bg2 Nh3+ 23. Bxh3 Bxh3 24. f3 Kf8 25. Kf2 Be6 26. Ke3 Rb8 27. Kd2 Bxb3 28. axb3 Rxb3 29. Kc2 Rb7 30. b4 Ke7 31. Kb3 f5 32. c4 g5 33. Ra5 Ke6 34. Ra6+ Rb6 35. Rxa7 e4 36. fxe4 f4 37. c5 Rb8 38. Rxh7 f3 39. Ra7 Rh8 40. Ra2 g4 41. b5 Rxh2 42. Rxh2 g3 43. Rh3 f2 44. Rxg3 f1Q 45. Rc3 Qxb5+ 46. Ka3 Qc6 47. Rc4 Qa6+ 48. Kb4 Qb7+ 49. Kc3 Qc6 50. Kd4 Qd7+ 51. Kc3 Qg7+ 52. Kb3 Qg3+ 53. Kb4 Qb8+ 1/2-1/2

[Event "SVK-chT2B 0506"]
[Site "Slovakia"]
[Date "2006.03.11"]
[Round "10.7"]
[White "Magerciak, Roman"]
[Black "Podhorsky, Martin"]
[Result "1/2-1/2"]
[WhiteElo "1965"]
[BlackElo "1854"]
[PlyCount "80"]
[EventDate "2005.10.22"]
[EventType "team-tourn"]
[EventRounds "11"]
[EventCountry "SVK"]
[SourceTitle "EXT 2008"]
[Source "ChessBase"]
[SourceDate "2007.11.25"]
[SourceVersion "1"]
[SourceVersionDate "2007.11.25"]
[SourceQuality "1"]

1. d4 c6 2. c4 d5 3. Nc3 Nf6 4. Nf3 e6 5. Bg5 Be7 6. e3 Nbd7 7. Bd3 dxc4 8. Bxc4 Nb6 9. Bd3 Nfd5 10. Bxe7 Qxe7 11. Rc1 g6 12. a3 Nd7 13. Qd2 0-0 14. h4 N5f6 15. h5 Nxh5 16. e4 f5 17. e5 Nb6 18. Qh6 Qg7 19. Qg5 Bd7 20. Kf1 Rac8 21. b4 Nd5 22. g3 Kh8 23. Nh4 Nxc3 24. Rxc3 Be8 25. Bc4 h6 26. Qd2 Bf7 27. Qa2 g5 28. Ng2 Rce8 29. Be2 g4 30. Nh4 Rd8 31. Qd2 Rd7 32. Ng2 Rfd8 33. Rd3 Bg6 34. Nf4 Nxf4 35. Qxf4 h5 36. Rd2 Qf7 37. Rh4 Kg7 38. Kg2 Kh7 39. Bxg4 fxg4 40. Qxg4 Rg8 1/2-1/2

[Event "SVK-chT2B 0506"]
[Site "Slovakia"]
[Date "2006.02.11"]
[Round "8.6"]
[White "Torvenyi, Roman"]
[Black "Podhorsky, Martin"]
[Result "0-1"]
[WhiteElo "2004"]
[BlackElo "1854"]
[PlyCount "66"]
[EventDate "2005.10.22"]
[EventType "team-tourn"]
[EventRounds "11"]
[EventCountry "SVK"]
[SourceTitle "EXT 2008"]
[Source "ChessBase"]
[SourceDate "2007.11.25"]
[SourceVersion "1"]
[SourceVersionDate "2007.11.25"]
[SourceQuality "1"]

1. d4 c6 2. Nf3 d5 3. e3 Bg4 4. Bd3 e6 5. Nbd2 Nf6 6. 0-0 Bd6 7. e4 dxe4 8. Nxe4 Be7 9. Nxf6+ Bxf6 10. c3 Nd7 11. Bf4 Bh5 12. Re1 Bg6 13. a4 0-0 14. Bxg6 hxg6 15. Qb3 Qb6 16. Qc2 a5 17. Rad1 Rfd8 18. g4 Be7 19. Re3 Nf6 20. Ne5 Nd5 21. Rf3 Nxf4 22. Rxf4 Bf6 23. Re1 Bxe5 24. Rxe5 Rd5 25. Rfe4 Rad8 26. f4 c5 27. Rxd5 Rxd5 28. dxc5 Qxc5+ 29. Qf2 Rd1+ 30. Kg2 Qd5 31. Qf3 Rd2+ 32. Kg3 Rxb2 33. Re5 Qd2 0-1

[Event "SVK-chT2B 0506"]
[Site "Slovakia"]
[Date "2005.10.22"]
[Round "1.5"]
[White "Kunovsky, Daniel"]
[Black "Podhorsky, Martin"]
[Result "1-0"]
[WhiteElo "2071"]
[BlackElo "1854"]
[PlyCount "101"]
[EventDate "2005.10.22"]
[EventType "team-tourn"]
[EventRounds "11"]
[EventCountry "SVK"]
[SourceTitle "EXT 2008"]
[Source "ChessBase"]
[SourceDate "2007.11.25"]
[SourceVersion "1"]
[SourceVersionDate "2007.11.25"]
[SourceQuality "1"]

1. e4 c6 2. d4 d5 3. Nc3 dxe4 4. Nxe4 Bf5 5. Ng3 Bg6 6. Nf3 Nd7 7. h4 h6 8. h5 Bh7 9. Bd3 Bxd3 10. Qxd3 e6 11. Bf4 Ngf6 12. 0-0-0 Qb6 13. Rhe1 0-0-0 14. c4 c5 15. d5 exd5 16. cxd5 Bd6 17. Bxd6 Qxd6 18. Kb1 Nb6 19. Nf5 Qf4 20. g3 c4 21. Ne7+ Kb8 22. Qc3 Qc7 23. Ne5 Nfxd5 24. Nxd5 Rxd5 25. Rxd5 Nxd5 26. Qxc4 Qxc4 27. Nxc4 Rd8 28. Ne5 f6 29. Ng6 Nb4 30. Nf4 Rd2 31. a3 Nd5 32. Kc1 Rd4 33. Ne6 Rc4+ 34. Kd2 Nb6 35. Nxg7 Rd4+ 36. Kc2 Rd7 37. Nf5 Nc4 38. Nxh6 Rh7 39. Ng4 f5 40. Nf6 Rh6 41. Nd5 a6 42. Nf4 Rb6 43. Re6 Rxe6 44. Nxe6 Ne5 45. h6 Ng6 46. h7 Kc8 47. Ng7 Kd7 48. Nxf5 Ke6 49. g4 Kf6 50. f4 b5 51. Kb3 1-0